00630pab a2200181 454500008004000000100001900040245010800059260000900167300001300176362001200189650003000201700001600231773006000247908000600307909001100313999001900324952010500343180718b2013 xxu||||| |||| 00| 0 eng d aNanda, Sachita aUtilisation of maternal and child health care services by SCs and STs: A study of two village of Odisha c2013 ao,19-37. aJul-Sep aMaternal and child health aSridevi, G. aIASSI Quarterly - Contribution to Indian Social Science aN a105102 c105097d105097 00104070aIIPAbIIPAd2018-07-19hVolume no: 32, Issue no: 3pAR105562r2018-07-19w2018-07-19yAR